Trends and Issues in Doctoral Education: a global perspective (Record no. 178338)

MARC details
000 -LEADER
fixed length control field 00834nam a22002177a 4500
005 - DATE AND TIME OF LATEST TRANSACTION
control field 20210325114457.0
010 ## - LCCN (DPL NO)
LC control number ENG-129314
020 ## - INTERNATIONAL STANDARD BOOK NUMBER
International Standard Book Number 978-93-5388-254-9
Terms of availability 1545.00
035 ## - SYSTEM CONTROL NUMBER
System control number EN-112846
037 ## - SOURCE OF ACQUISITION
Source of stock number/acquisition DBAD/PUB
082 ## - DEWEY DECIMAL CLASSIFICATION NUMBER
Classification number 378.155
245 ## - TITLE STATEMENT
Title Trends and Issues in Doctoral Education: a global perspective
Statement of responsibility, etc Edited by Maria Yudkevich, Philip G. Altbach and Hans de Wit
260 ## - PUBLICATION, DISTRIBUTION, ETC. (IMPRINT)
Place of publication, distribution, etc New Delhi
Name of publisher, distributor, etc Sage Publication India
Date of publication, distribution, etc 2020
270 ## - ADDRESS
Address B1/1-1 Mohan Cooperative Industrial Area Mathura Road
City New Delhi
Postal code 110044
300 ## - PHYSICAL DESCRIPTION
Extent xviii+506p.
Dimensions 23cm(hbk)
Other physical details Including Tables, Bibliographical references and Index.
490 ## - SERIES STATEMENT
Series statement Sage Studies in Higher Education
700 ## - ADDED ENTRY--PERSONAL NAME
Personal name Yudkevich, Maria, Ed.
700 ## - ADDED ENTRY--PERSONAL NAME
Personal name Altbach, Philip G., Ed.
700 ## - ADDED ENTRY--PERSONAL NAME
Personal name de Wit, Hans, Ed.
942 ## - ADDED ENTRY ELEMENTS (KOHA)
Source of classification or shelving scheme Dewey Decimal Classification
Item type English Books
Classification part 378.155
Call number suffix TRE
Holdings
Withdrawn status Lost status Not for loan Collection code Home library Current library Date acquired Source of acquisition Cost, normal purchase price Full call number Barcode Copy number Cost, replacement price Koha item type
      Non-fiction Shahdara Branch Shahdara Branch 25/03/2021 DBDA/PUB 1545.00 378.155 TRE EN-112846 1 1545.00 English Books

© Delhi Public Library
Hit Counter
free hit counter